LEADER 01357nam a2200289 u 4500 001 000000005463 003 CaOOAMICUS 005 20070226104750.0 008 941010s1971 it u000 u ita u 035 $a10141803 040 $aPUL(R)$bita 100 1 $aDentone, Adriana.$0(OLS)http://pul/name/5655 245 14$aLa "possibilità" in Nicola Abbagnano /$cAdriana Dentone. 260 $aMilano :$bMarzorati,$c1971. 300 $a192 p. ;$c24 cm 490 1 $aPubblicazioni dell'Istituto di filosofia, Facoltà di Magistero dell'Università di Genova ;$v15 500 $aBibliografia in nota. 600 14$aAbbagnano, Nicola,$d1901-1990.$0(OLS)http://pul/subject/4933 650 4$aPossibilità.$0(OLS)http://pul/subject/4934 710 2 $aUniversità degli studi di Genova.$bFacoltà di magistero.$bIstituto di filosofia.$0(OLS)http://pul/name/5656 830 0$aPubblicazioni dell'Istituto di filosofia, Facoltà di Magistero dell'Università di Genova ;$v15.$0(OLS)http://pul/title/7959 850 $aPUL 852 $aPUL$W1$xDP1 Fondo Giannini$y60$m1554 D 26$j7638$nBK-PRI$b $qFondi$B7638$CPULBib$Z2$F7638 $H $81 941 1 $a1 961 $aINV: F.GIANNINI 996 $6245$aLa "possibilità" in Nicola Abbagnano$9(OLS)http://pul/title/7996 996 $6260$aMilano :$bMarzorati$9(OLS)http://pul/publisher/49236 LEADER 01829nam a2200349 u 4500 001 000000005491 003 CaOOAMICUS 005 20070226104752.0 008 941103s1956 gw u000 u ger u 035 $a10142057 040 $aPUL(R)$bita 100 1 $aDörries, Hermann,$d1895-1977.$0(OLS)http://pul/name/3147 245 10$aDe Spiritu sancto :$bder Beitrag des Basilius zum Abschluss des trinitarischen Dogmas /$cvon Hermann Dörries. 260 $aGöttingen :$bVandenhoeck & Ruprecht,$c1956. 300 $a199 p. ;$c25 cm 490 1 $aAbhandlungen der Akademie der Wissenschaften in Göttingen.$aFolge 3, Philologisch-historische Klasse ;$v39 500 $aIncludes index. 600 04$aBasilius Magnus,$cs., vesc. di Cesarea,$dc. 330-379.$tDe Spiritu Sancto$9(Basilius Magnus, s., vesc. di Cesarea, c. 330-379).$0(OLS)http://pul/subject/4958 650 4$aTrinità.$0(OLS)http://pul/subject/2463 650 4$aSpiritus Sanctus.$0(OLS)http://pul/subject/903 650 0$aTrinity$xHistory of doctrines.$2//eng$0(OLS)http://pul/subject/4959 710 2 $aAkademie der Wissenschaften in Göttingen.$0(OLS)http://pul/name/749 830 0$aAbhandlungen der Akademie der Wissenschaften in Göttingen.$nFolge 3,$pPhilologisch-historische Klasse ;$v39.$0(OLS)http://pul/title/1071 850 $aPUL 852 $aPUL$W1$xSL Religione 1$y3$m25 F 17$j7694$nBK-PRI$b $qStampati$B7694$CPULBib$Z2$F7694 $H $81 941 1 $a8 960 $aTeologia trinitaria$92463 960 $aTeologia trinitaria$92463 960 $aSpirito Santo$9903 961 $aINV: 38691 996 $6245$aDe Spiritu sancto :$bder Beitrag des Basilius zum Abschluss des trinitarischen Dogmas$9(OLS)http://pul/title/8042 996 $6260$aGöttingen :$bVandenhoeck & Ruprecht$9(OLS)http://pul/publisher/47973